<?xml version="1.0" encoding="UTF-8"?>
<collection xmlns="http://www.loc.gov/MARC21/slim">
  <record>
    <leader>00000nam  2200000   4500</leader>
    <controlfield tag="001">INLIS000000000016683</controlfield>
    <controlfield tag="005">20231228023536</controlfield>
    <datafield tag="035" ind1="#" ind2="#">
      <subfield code="a">0010-1223000120</subfield>
    </datafield>
    <controlfield tag="007">ta</controlfield>
    <controlfield tag="008">231228################g##########0#ind##</controlfield>
    <datafield tag="020" ind1="#" ind2="#">
      <subfield code="a">979 442 288 6</subfield>
    </datafield>
    <datafield tag="082" ind1="#" ind2="#">
      <subfield code="a">658.315 2</subfield>
    </datafield>
    <datafield tag="084" ind1="#" ind2="#">
      <subfield code="a">658.315 2 NIN t</subfield>
    </datafield>
    <datafield tag="100" ind1=" " ind2="#">
      <subfield code="a">Nina Insania K</subfield>
    </datafield>
    <datafield tag="245" ind1="1" ind2="#">
      <subfield code="a">Talent Management Implementation :</subfield>
      <subfield code="b">Belajar dari Perusahaan-Perusahaan Terkemuka /</subfield>
      <subfield code="c">Nina Insania K, Octa Melia Jalal, F.X Sri Martono, dkk</subfield>
    </datafield>
    <datafield tag="250" ind1="#" ind2="#">
      <subfield code="a">Cetakan 2</subfield>
    </datafield>
    <datafield tag="260" ind1="#" ind2="#">
      <subfield code="a">Jakarta :</subfield>
      <subfield code="b">PPM,</subfield>
      <subfield code="c">2011</subfield>
    </datafield>
    <datafield tag="300" ind1="#" ind2="#">
      <subfield code="a">162 halaman :</subfield>
      <subfield code="b">ilus ;</subfield>
      <subfield code="c">24 cm</subfield>
    </datafield>
    <datafield tag="650" ind1="#" ind2="4">
      <subfield code="a">Bagian-bagian Manajemen Sumber Daya Manusia</subfield>
    </datafield>
    <datafield tag="700" ind1=" " ind2="#">
      <subfield code="a">Octa Melia Jalal</subfield>
    </datafield>
    <datafield tag="520" ind1="#" ind2="#">
      <subfield code="a">Buku ini mengetengahkan praktik human capital yang telah di lakukan berbagai perusahaan dalam menghadapi perubahan dan persaingan. Bagaimana Trans TV Mengubah cara rekrutmen karyawan tanpa dipengaruhi oleh latar belakang pendidikan. bagaimana Astra Goup dan Unilever membangun sistem pengembangan karyawan yang berjenjang. dan tak kalah menarik Garuda Indonesia Menyertakan HR Sebagai Mitra strategis dalam melakukan transformasi perusahaan dari kondisi terpuruk sejak krisis 1998, kembali menjadi perusahaan penerbangan nasional yang berkelas.&#13;
&#13;
Kerasnya persaingan bisnis dalam memperebutkan pasar maupun merekrut dan mempertahankan karyawan bertalenta mau tak mau membuat para praktisi HR berpikir keras untuk meningkatkan kompetensi inti, fungsional dan manajerial melalui program pengembangannya yang terstuktur dalam konsep Human Capital masing-masing&#13;
&#13;
Buku ini mengetengahkan praktik-praktik Human Capital yang telah dilakukan berbagai perusahaan dalam menghadapi perubahan dan persaingan.&#13;
&#13;
Buku ini diharapkan bisa menjadi inspirasi dan panduan para praktisi HR untuk berkontribusi melakukan pengembangan karyawan di perusahaan masing-masing.</subfield>
    </datafield>
    <datafield tag="990" ind1="#" ind2="#">
      <subfield code="a">210719555</subfield>
    </datafield>
  </record>
</collection>
